000 00323nam a2200133Ia 4500
005 20260326100038.0
008 260326s9999||||xx |||||||||||||| ||und||
100 _aScully Jr., Vincent
245 0 _aFrank Lloyd Wright /
_cVincent Scully Jr.
260 _bBruguera
300 _a127 p.
650 _aARQUITECTOS
942 _cBK
999 _c6880
_d6880